Statistics for Countries Closest to Washington State

Click here to take the quiz!

General Stats

  • This quiz has been taken 118 times
  • The average score is 13 of 20

Answer Stats

kmAnswermi% Correct
0Canada0
99%
1492Mexico927
93%
3278Russia2032
91%
3950Cuba2454
76%
5185Panama3222
75%
3947Guatemala2453
74%
4297Honduras2670
72%
4913Haiti3053
71%
4565Nicaragua2836
69%
4030Belize2504
68%
4879Costa Rica3029
68%
4349El Salvador2702
67%
5549Colombia3448
65%
4689Jamaica2913
64%
3972Bahamas2468
63%
5035Dominican Republic3128
62%
5701Venezuela3542
61%
5462Iceland3393
45%
5324Norway3308
31%
4378Greenland2720
27%

Score Distribution

Percentile by Number Answered

Percent of People with Each Score

Your Score History

You have not taken this quiz